<?xml version="1.0" encoding="UTF-8"?><?xml-stylesheet type="text/xsl" href="static/style.xsl"?><OAI-PMH xmlns="http://www.openarchives.org/OAI/2.0/" xmlns:xsi="http://www.w3.org/2001/XMLSchema-instance" xsi:schemaLocation="http://www.openarchives.org/OAI/2.0/ http://www.openarchives.org/OAI/2.0/OAI-PMH.xsd"><responseDate>2026-04-17T06:34:33Z</responseDate><request verb="GetRecord" identifier="oai:www.recercat.cat:2072/466944" metadataPrefix="marc">https://recercat.cat/oai/request</request><GetRecord><record><header><identifier>oai:recercat.cat:2072/466944</identifier><datestamp>2026-03-28T08:29:15Z</datestamp><setSpec>com_2072_98</setSpec><setSpec>col_2072_378192</setSpec></header><metadata><record xmlns="http://www.loc.gov/MARC21/slim" xmlns:dcterms="http://purl.org/dc/terms/" xmlns:xsi="http://www.w3.org/2001/XMLSchema-instance" xmlns:doc="http://www.lyncode.com/xoai" xsi:schemaLocation="http://www.loc.gov/MARC21/slim http://www.loc.gov/standards/marcxml/schema/MARC21slim.xsd">
   <leader>00925njm 22002777a 4500</leader>
   <datafield ind2=" " ind1=" " tag="042">
      <subfield code="a">dc</subfield>
   </datafield>
   <datafield ind2=" " ind1=" " tag="720">
      <subfield code="a">Moreno Colom, Sara</subfield>
      <subfield code="e">author</subfield>
   </datafield>
   <datafield ind2=" " ind1=" " tag="720">
      <subfield code="a">Borràs Català, Vicent</subfield>
      <subfield code="e">author</subfield>
   </datafield>
   <datafield ind2=" " ind1=" " tag="260">
      <subfield code="c">2021</subfield>
   </datafield>
   <datafield ind2=" " ind1=" " tag="520">
      <subfield code="a">Altres ajuts: El projecte "Los cambios en los usos del tiempo y la transformación de los hábitos cotidianos" ha estat cofinançat per l'Ajuntament de Barcelona (Exp 2019/280).</subfield>
   </datafield>
   <datafield ind2=" " ind1=" " tag="520">
      <subfield code="a">El presente artículo se interroga por el impacto de género de algunas de las trasformaciones que acarrea la llamada cuarta revolución industrial en el trabajo doméstico. En concreto, se fija en la dimensión simbólica del uso y la distribución del tiempo que se dedica a las tareas relacionadas con la compra y preparación de los alimentos. La hipótesis de partida sustenta que, más allá de la innovación tecnológica, la disminución del tiempo dedicado a las tareas culinarias que evidencian las estadísticas responde al cambio de hábitos cotidianos y modelo de consumo. A modo de exploración, se propone una estrategia metodológica cualitativa centrada en la experiencia cotidiana y el sentido atribuido a las tareas domésticas según el género, el ciclo vital y la clase social. Como conclusión, se apunta que en el trasfondo de la menor dedicación de tiempo a la cocina emergen nuevos hábitos caracterizados por dedicar más tiempo a la compra de alimentos y menos a su preparación. En cualquier caso, parece que dichos hábitos siguen representando más trabajo para las mujeres según sus condiciones estructurales.</subfield>
   </datafield>
   <datafield ind2=" " ind1=" " tag="520">
      <subfield code="a">This paper analyses the gender impact of the fourth industrial revolution on domestic work. It focuses on the symbolic dimension of time use related to the set of cooking tasks. The main hypothesis argues that, beyond technological innovation, the decrease in time devoted to cooking evidenced by the statistics responds to the change in daily habits and consumption model. To explore this question, the paper presents a qualitative methodological strategy to analyse the everyday experience and the meaning attributed to housework tasks according to gender, life cycle and social class. Preliminary results show that decrease of cooking tasks emerge new daily habits characterized by spending more time buying food and less time preparing it. The paper concludes that these daily habits continue to represent more work for women according to their structural conditions.</subfield>
   </datafield>
   <datafield tag="653" ind2=" " ind1=" ">
      <subfield code="a">Usos tiempo</subfield>
   </datafield>
   <datafield tag="653" ind2=" " ind1=" ">
      <subfield code="a">Trabajo doméstico</subfield>
   </datafield>
   <datafield tag="653" ind2=" " ind1=" ">
      <subfield code="a">Género</subfield>
   </datafield>
   <datafield tag="653" ind2=" " ind1=" ">
      <subfield code="a">Hábitos sociales</subfield>
   </datafield>
   <datafield tag="653" ind2=" " ind1=" ">
      <subfield code="a">Prácticas consumo</subfield>
   </datafield>
   <datafield tag="653" ind2=" " ind1=" ">
      <subfield code="a">Time use</subfield>
   </datafield>
   <datafield tag="653" ind2=" " ind1=" ">
      <subfield code="a">Domestic work</subfield>
   </datafield>
   <datafield tag="653" ind2=" " ind1=" ">
      <subfield code="a">Gender</subfield>
   </datafield>
   <datafield tag="653" ind2=" " ind1=" ">
      <subfield code="a">Social habits</subfield>
   </datafield>
   <datafield tag="653" ind2=" " ind1=" ">
      <subfield code="a">Consumption practices</subfield>
   </datafield>
   <datafield ind2="0" ind1="0" tag="245">
      <subfield code="a">Menos tiempo de cocina, más tiempo de consumo: ¿más igualdad de género?</subfield>
   </datafield>
</record></metadata></record></GetRecord></OAI-PMH>